山手線沿線駅外観クイズ3 - Statistics

General Stats
  • This quiz has been taken 105 times
  • The average score is 7 of 10
Answer Stats
Picture Answer % Correct
新宿駅
98%
新橋駅
88%
品川駅
81%
新大久保駅
74%
大塚駅
66%
大崎駅
65%
日暮里駅
64%
田端駅
60%
田町駅
45%
五反田駅
40%
No matching quizzes found
Score Distribution
Percent of People with Each Score
Percentile by Number Answered
Your Score History
You have not taken this quiz